000 00679nam a2200241Ia 4500
003 OSt
005 20220928131155.0
006 a|||||r|||| 00| 0
007 ta
008 220927b |||||||| |||| 00| 0 eng d
024 _a69128
037 _cTextual
040 _aSDCL
_cSDCL
_beng
041 _2eng
_aeng
082 _aX:54.41'P, P6
100 _aLo Chi
_9443929
245 0 _aPhantom of the China economic threat
_bShadow of the next Asian crisis
260 _aNew York
_b Palgrave Macmillan
_c2006
300 _axxiv,204p
_ccm.
650 _aForeign Trade China
_9477280
942 _hX:54.41'P, P6
_cTEXL
_2CC
999 _c789777
_d789777